<?xml version="1.0" encoding="UTF-8"?>
<marc:record xmlns:marc="http://www.loc.gov/MARC21/slim">
   <marc:leader>00000nam a2200000 a 4500</marc:leader>
   <marc:datafield ind1="1" ind2=" " tag="100">
      <marc:subfield code="a">Hock-Westhoff, Marie</marc:subfield>
      <marc:subfield code="4">aut</marc:subfield>
      <marc:subfield code="e">Verfasser/-in</marc:subfield>
   </marc:datafield>
   <marc:datafield ind1=" " ind2=" " tag="653">
      <marc:subfield code="a">Haltung</marc:subfield>
   </marc:datafield>
   <marc:datafield ind1=" " ind2=" " tag="653">
      <marc:subfield code="a">Haltungsfehler</marc:subfield>
   </marc:datafield>
   <marc:datafield ind1=" " ind2=" " tag="653">
      <marc:subfield code="a">Rückenschmerz</marc:subfield>
   </marc:datafield>
   <marc:datafield ind1=" " ind2=" " tag="653">
      <marc:subfield code="a">T'ai Chi Ch'uan</marc:subfield>
   </marc:datafield>
   <marc:datafield ind1=" " ind2=" " tag="653">
      <marc:subfield code="a">Ch'i-kung</marc:subfield>
   </marc:datafield>
   <marc:datafield ind1=" " ind2=" " tag="653">
      <marc:subfield code="a">somatisch wie psychisch ausgelöst</marc:subfield>
   </marc:datafield>
   <marc:datafield ind1=" " ind2=" " tag="653">
      <marc:subfield code="a">die zu chronischen Haltungsfehlern mit Begleiterscheinungen wie Schmerzen</marc:subfield>
   </marc:datafield>
   <marc:datafield ind1=" " ind2=" " tag="653">
      <marc:subfield code="a">Bewegungseinschränkungen und psychisch induzierten emotionalen Rückenproblematiken führen. Mit einem großen Übungsteil</marc:subfield>
   </marc:datafield>
   <marc:datafield ind1=" " ind2=" " tag="653">
      <marc:subfield code="a">basierend auf der traditionellen Bewegungskunst des Tai Chi Chuan.</marc:subfield>
   </marc:datafield>
   <marc:datafield ind1=" " ind2=" " tag="653">
      <marc:subfield code="a">Rückenschule</marc:subfield>
   </marc:datafield>
   <marc:datafield ind1=" " ind2=" " tag="653">
      <marc:subfield code="a">Rückentraining</marc:subfield>
   </marc:datafield>
   <marc:datafield ind1=" " ind2=" " tag="653">
      <marc:subfield code="a">Tai Chi Chuan</marc:subfield>
   </marc:datafield>
   <marc:datafield ind1=" " ind2=" " tag="653">
      <marc:subfield code="a">Chi Psychosomatik des Rückens</marc:subfield>
   </marc:datafield>
   <marc:datafield ind1=" " ind2=" " tag="653">
      <marc:subfield code="a">Softcover / Ratgeber/Gesundheit/Alternative Heilverfahren</marc:subfield>
   </marc:datafield>
   <marc:datafield ind1=" " ind2=" " tag="653">
      <marc:subfield code="a">Übungssammlung</marc:subfield>
   </marc:datafield>
   <marc:datafield ind1="0" ind2="0" tag="245">
      <marc:subfield code="a">Die Tai-Chi-Methode für Haltungsgesundheit und einen schmerzfreien Rücken</marc:subfield>
   </marc:datafield>
   <marc:datafield ind1="0" ind2="0" tag="245">
      <marc:subfield code="c">Marie Hock-Westhoff</marc:subfield>
   </marc:datafield>
   <marc:datafield ind1=" " ind2="1" tag="264">
      <marc:subfield code="a">Oberstdorf</marc:subfield>
      <marc:subfield code="b">Windpferd</marc:subfield>
      <marc:subfield code="c">2014</marc:subfield>
   </marc:datafield>
   <marc:datafield ind1=" " ind2=" " tag="250">
      <marc:subfield code="a">1. Aufl.</marc:subfield>
   </marc:datafield>
   <marc:datafield ind1="1" ind2=" " tag="520">
      <marc:subfield code="a">Angaben aus der Verlagsmeldung

Die Tai-Chi-Methode : für Ihre Haltungsgesundheit und einen schmerzfreien Rücken / von Marie Hock-Westhoff

Eine jahrhundertealte Bewegungskunst hilft dem Rücken: Tai Chi Chuan. Eine gesunde Haltung ist der wichtigste Teil der Körperstatik und hat Auswirkungen auf unsere gesamte Lebensführung und unsere Emotionen. Mit ihrer Tai-Chi-Methode erschließt die Asienkennerin, zweifache Goldmedaillen-Gewinnerin in Tai Chi Chuan und Gründerin des Instituts für Haltungsgesundheit in Aschaffenburg, Marie Hock-Westhoff, das Wissen um die jahrhundertealte Bewegungskunst zur Gesunderhaltung des Menschen. Ausgehend von der Grundhaltung im Tai Chi Chuan entwickelt sich eine subtilere Körperwahrnehmung, lösen sich Muskelverspannungen und Blockaden. Zehn grundlegende Prinzipien führen zum optimalen Fluss der Lebensenergie und mobilisieren die Selbstheilungskräfte. Die energetische Betrachtungsweise basiert auf der Traditionellen Chinesischen Medizin und spürt die Verbindung zu einzelnen Organen auf. Detaillierte Übungen, bewusste Gewichtsverteilung, typische Wirbelsäulen_fehlhaltungen und ihre Korrekturmöglichkeiten, die achtsame Wahrnehmung von Gedanken und Gefühlen – alles baut aufeinander auf und führt zu einem gesunden, natürlichen Zusammenspiel der Muskulatur. Ohne Vorkenntnisse im Tai Chi Chuan kann dies jeder durch die anschaulich erklärten praktischen Übungen erreichen.
</marc:subfield>
   </marc:datafield>
   <marc:datafield ind1=" " ind2=" " tag="020">
      <marc:subfield code="a">9783864100659</marc:subfield>
      <marc:subfield code="9">9783864100659</marc:subfield>
   </marc:datafield>
   <marc:datafield ind1=" " ind2=" " tag="020">
      <marc:subfield code="a">3864100658</marc:subfield>
      <marc:subfield code="9">3864100658</marc:subfield>
   </marc:datafield>
   <marc:datafield ind1=" " ind2=" " tag="041">
      <marc:subfield code="a">ger</marc:subfield>
   </marc:datafield>
   <marc:datafield ind1=" " ind2=" " tag="300">
      <marc:subfield code="a">176 S.</marc:subfield>
   </marc:datafield>
</marc:record>
